000 00419nam a2200145Ia 4500
003 GCL
008 140319s9999 xx 000 0 ara d
040 _aGCL /
_cGCL
082 0 4 _a811.6
_bا ر
100 1 _aابن شهيد الاندلسى
245 1 0 _aرسالة التوابع والزوابع /
_cابن شهيد الاندلسى
700 1 _aبطرس البستانى (محقق)
300 _a157 ص
490 _a
999 _c37924
_d37924